000 00369nam a2200145Ia 4500
008 230711s9999||||xx |||||||||||||| ||und||
041 _aENG
082 _a621
_bPR-E
100 _aPrasad,D.N
245 0 _aElectromegnetic fields waves and antennas
250 _a5th Ed.
260 _c1986
_aNew Delhi
_bKhanna Publishers
650 _aElectronics Engineering
942 _cBK
999 _c354
_d354